| 000 | 02423cam a22005894a 4500 | ||
|---|---|---|---|
| 999 |
_c50494 _d50494 |
||
| 001 | 14518057 | ||
| 005 | 20200225141515.0 | ||
| 008 | 060822s2007 njua bf 001 0 eng | ||
| 010 | _a 2006027614 | ||
| 015 |
_aGBA714130 _2bnb |
||
| 016 | 7 |
_a101285590 _2DNLM |
|
| 016 | 7 |
_a013678005 _2Uk |
|
| 020 | _a0471771708 (cloth : alk. paper) | ||
| 020 | _a9780471771708 (hbk.) | ||
| 035 | _a(OCoLC)ocm71223051 | ||
| 035 | _a(OCoLC)71223051 | ||
| 040 |
_aDNLM/DLC _cDLC _dNLM _dBAKER _dUKM _dBTCTA _dC#P _dYDXCP _dNLGGC _dNOR _dTSU _dOCLCQ _dDLC |
||
| 041 | _aeng | ||
| 042 | _apcc | ||
| 050 | 0 | 0 |
_aRC952.55 _b.H395 2007 |
| 060 | 0 | 0 | _a2007 F-853 |
| 060 | 1 | 0 |
_aWT 104 _bH2343 2007 |
| 080 | _a612.6(075.8) H-22 | ||
| 082 | 0 | 0 |
_a618.97 _222 |
| 084 |
_a44.68 _2bcl |
||
| 245 | 0 | 0 |
_aHandbook of gerontology : _bevidence-based approaches to theory, practice, and policy / _cedited by James A. Blackburn, Catherine N. Dulmus. |
| 264 |
_aHoboken, N.J. : _bWiley, _cc2007. |
||
| 300 |
_axii, 588 p. : _bill. ; _c26 cm. |
||
| 504 | _aIncludes bibliographical references and indexes. | ||
| 505 | 0 | 0 |
_rMasahiro Shigeta _gand |
| 505 | 0 | 0 |
_tGlobal challenges for an aging population / _rJeanette C. Takamura -- _tAuthor index -- _tSubject index. |
| 650 | 0 |
_aGeriatrics _vHandbooks, manuals, etc. _97414 |
|
| 650 | 0 |
_aGerontology _vHandbooks, manuals, etc. _97415 |
|
| 650 | 0 |
_aEvidence-based medicine _vHandbooks, manuals, etc. _97416 |
|
| 650 | 1 | 2 |
_aAging _xphysiology. _97417 |
| 650 | 1 | 2 |
_aAging _xpsychology. _97418 |
| 650 | 2 | 2 |
_aGeriatrics _xmethods. _97419 |
| 650 | 2 | 2 |
_aHealth Policy. _97420 |
| 650 | 2 | 2 |
_aHealth Services for the Aged. _97421 |
| 653 | _aგერონტოლოგია | ||
| 653 | _aგერიატრიკა | ||
| 653 | _aდაბერება | ||
| 700 | 1 |
_aBlackburn, James A., _cPh. D. _eავტორი _97422 |
|
| 700 | 1 |
_aDulmus, Catherine N. _eავტორი _97423 |
|
| 856 | 4 | 1 |
_3Table of contents only _uhttp://www.loc.gov/catdir/toc/ecip0619/2006027614.html |
| 856 | 4 | 2 |
_3Contributor biographical information _uhttp://www.loc.gov/catdir/enhancements/fy0740/2006027614-b.html |
| 856 | 4 | 2 |
_3Publisher description _uhttp://www.loc.gov/catdir/enhancements/fy0740/2006027614-d.html |
| 906 |
_a7 _bcbc _corignew _d1 _eecip _f20 _gy-gencatlg |
||
| 936 | _aPR 174100038 | ||
| 942 |
_2udc _cBK |
||
| 955 |
_ajc02 2006-08-29 _aaa27 2006-08-29 _aps15 2008-08-02 1 copy rec'd., to CIP ver. |
||